[Event "Match"]
[Site "www.echecsemail.com"]
[Date "2016.06.30"]
[Round "1"]
[White "Iko"]
[Black "Pwain"]
[WhiteElo "1620"]
[BlackElo "1499"]
[Result "0-1"]
[Round "1"]
1.e4 e5
2.Ng1f3 Nb8c6
3.Bf1c4 Ng8f6
4.Nb1c3 Bf8c5
5.Nc3d5 Nf6xe4
6.O-O O-O
7.d3 Ne4f6
8.Bc1g5 Bc5e7
9.Nd5xf6 Be7xf6
10.Rf1e1 Bf6xg5
11.Nf3xe5 Nc6xe5
12.Re1xe5 Bg5f6
13.Re5f5 c6
14.Qd1h5 d5
15.Bc4b3 Bc8xf5
16.Qh5xf5 { time. }
0-1

[Event "Match"]
[Site "www.echecsemail.com"]
[Date "2016.06.30"]
[Round "1"]
[White "Knightjumper"]
[Black "Mdesouza"]
[WhiteElo "1630"]
[BlackElo "2320"]
[Result "0-1"]
[Round "1"]
1.c4 Ng8f6
2.d4 e6
3.Nb1c3 d5
4.cxd5 exd5
5.Bc1g5 Bf8e7
6.e3 O-O
7.Bf1d3 c6
8.Ng1f3 Bc8g4
9.h3 Bg4h5
 { time }
0-1

[Event "Match"]
[Site "www.echecsemail.com"]
[Date "2016.06.30"]
[Round "1"]
[White "Rindrandria"]
[Black "Ranjachess"]
[WhiteElo "1670"]
[BlackElo "1670"]
[Result "1-0"]
[Round "1"]
1.e4 e5
2.Qd1h5 d6
3.Bf1c4 g6
4.Qh5f3 Ng8f6
5.Qf3b3 Qd8e7
6.Ng1f3 Nf6xe4
7.d3 Ne4f6
8.Nf3g5 d5
9.Bc4xd5 Nf6xd5
10.Qb3xd5 c6
11.Qd5f3 Bf8h6
12.h4 f6
13.Ng5e4 Bh6xc1
14.Ne4xf6 Kd8
15.O-O Bc1xb2
16.Nb1d2 Bb2xa1
17.Rf1xa1 Rh8f8
18.Nd2e4 Bc8f5
19.Ne4g3 Rf8xf6
20.h5 Qe7c5
21.Ng3e4 Qc5xc2
22.Ne4xf6 Qc2b2
23.Qf3d1 Nb8d7
24.Nf6xh7 Bf5xd3
25.h6 e4
26.Ra1c1 Qb2xa2
27.f3 Kc7
28.Rc1a1 Qa2d5
29.Qd1c1 exf3
30.Qc1f4 Kb6
31.gxf3 Nd7e5
32.Nh7g5 Bd3e2
33.Qf4b4 Be2b5
34.Qb4a5 Kc5
35.Ng5e4 Kd4
36.Qa5c3 
1-0

[Event "Match"]
[Site "www.echecsemail.com"]
[Date "2016.06.30"]
[Round "1"]
[White "Olddog55"]
[Black "Knightjumper"]
[WhiteElo "1630"]
[BlackElo "1630"]
[Result "1-0"]
[Round "1"]
1.d4 d6
2.Ng1f3 g6
3.e3 Bf8g7
4.Bf1d3 Ng8f6
5.O-O O-O
6.b3 c6
7.e4 Qd8c7
8.Bc1f4 Bc8g4
9.Nb1c3 Bg4xf3
10.Qd1xf3 Nb8d7
11.d5  { time }
1-0

[Event "Match"]
[Site "www.echecsemail.com"]
[Date "2016.06.30"]
[Round "1"]
[White "Numanoid"]
[Black "Liencam2"]
[WhiteElo "2470"]
[BlackElo "2330"]
[Result "0-1"]
[Round "1"]
1.e4 c5
2.Nb1c3 e6
3.Ng1f3 a6
4.d4 cxd4
5.Nf3xd4 b5
6.Bf1d3 d6
7.O-O Ng8f6
8.Qd1e2 Bf8e7
9.a4 b4
10.Nc3a2 e5
11.Nd4f5 Bc8xf5
12.exf5 Qd8b6
13.Bc1e3 Qb6b7
14.c3 e4
15.Bd3b1 a5
16.Qe2b5 Qb7xb5
17.axb5 Nb8d7
18.Na2xb4 O-O
19.Nb4c6 Be7d8
20.Rf1d1 d5
21.Nc6xd8 Rf8xd8
22.Bb1a2 Nd7e5
23.Be3d4 Rd8e8
24.Ba2b3 Ne5d7
25.Bd4xf6 Nd7xf6
26.Bb3xd5 Nf6xd5
27.Rd1xd5 Re8e7
 { time }
0-1

[Event "Match"]
[Site "www.echecsemail.com"]
[Date "2016.06.30"]
[Round "1"]
[White "Knightjumper"]
[Black "Vitoriccardo"]
[WhiteElo "1630"]
[BlackElo "1990"]
[Result "0-1"]
[Round "1"]
1.e4 e6
2.d4 d5
3.exd5 exd5
4.Bf1d3 Nb8c6
5.c3 Ng8f6
6.Ng1f3 Bc8g4
7.O-O Bf8e7
8.h3 Bg4xf3
9.Qd1xf3 O-O
10.Bc1f4 Be7d6
11.Bf4xd6 Qd8xd6
12.Nb1d2 Rf8e8
 { time }
0-1

[Event "Match"]
[Site "www.echecsemail.com"]
[Date "2016.06.30"]
[Round "1"]
[White "Bojan"]
[Black "Mitja"]
[WhiteElo "1980"]
[BlackElo "1950"]
[Result "0-1"]
[Round "1"]
1.d4 d5
2.Bc1d2 e6
3.Ng1f3 h6
4.a3 c6
5.Nb1c3 Ng8f6
6.Nf3e5 Nb8d7
7.e3 Qd8c7
8.Ne5xd7 Bc8xd7
9.Bf1d3 Bf8d6
10.e4 dxe4
11.Nc3xe4 Nf6xe4
12.Bd3xe4 Bd6f4
13.Bd2b4 Bf4d6
14.Bb4c3 Bd6e7
15.Qd1f3 b6
16.Bc3d2 Ra8d8
17.b4 Be7f6
18.c3 c5
19.bxc5 bxc5
20.d5 exd5
21.Be4xd5 O-O
22.O-O Bd7b5
23.Rf1b1 a6
24.c4 Bf6xa1
25.Bd2f4 Ba1e5
26.Bf4e3 Qc7d6
27.Rb1d1 Kh8
28.Qf3h5 Bb5a4
29.Rd1d3 Ba4c2
30.Rd3d2 Bc2g6
31.Qh5g4 Be5xh2
32.Kh1 Bh2e5
33.Bd5xf7 Bg6xf7
34.Rd2xd6 Be5xd6
35.g3 Kh7
36.Kg2 Bf7g6
37.Qg4e2 Bg6e4
38.Kh2 Be4f3
39.Qe2c2 g6
40.Qc2a4 Bf3b7
41.Qa4a5 Bb7c8
42.Qa5c3 Bd6e7
43.Qc3c1 Be7g5
44.Be3xg5 hxg5
45.Kg1 g4
46.Qc1g5 Rd8d1
47.Kg2 Bc8b7
48.f3 Bb7xf3
49.Kh2 Rd1h1
{ resign }
0-1

[Event "Match"]
[Site "www.echecsemail.com"]
[Date "2016.06.30"]
[Round "1"]
[White "Knightjumper"]
[Black "Pinehill"]
[WhiteElo "1630"]
[BlackElo "2040"]
[Result "0-1"]
[Round "1"]
1.d4 Ng8f6
2.c4 e5
3.dxe5 Nf6g4
4.Ng1f3 Nb8c6
5.a3 Ng4xe5
6.e3 Bf8e7
7.Bf1e2 O-O
8.O-O d6
9.Nb1c3 f5
10.b4 Ne5xf3
11.Be2xf3 Nc6e5
 { time }
0-1

[Event "Match"]
[Site "www.echecsemail.com"]
[Date "2016.06.30"]
[Round "1"]
[White "Chapi"]
[Black "Knightjumper"]
[WhiteElo "2160"]
[BlackElo "1630"]
[Result "1-0"]
[Round "1"]
1.d4 Ng8f6
2.c4 e6
3.Nb1c3 d5
4.cxd5 exd5
5.Bc1g5 c6
6.e4 dxe4
7.Nc3xe4 Bf8e7
8.Qd1d3  { time }
1-0

[Event "Match"]
[Site "www.echecsemail.com"]
[Date "2016.06.30"]
[Round "1"]
[White "Jacks"]
[Black "Conde7"]
[WhiteElo "2870"]
[BlackElo "2840"]
[Result "1/2-1/2"]
[Round "1"]
1.d4 Ng8f6
2.Bc1g5 c5
3.d5 Nf6e4
4.Bg5f4 Qd8b6
5.Bf4c1 e6
6.f3 Qb6a5
7.c3 Ne4f6
8.e4 d6
9.Bc1g5 Bf8e7
10.dxe6 Bc8xe6
11.Nb1a3 h6
12.Bf1b5 Nb8d7
13.Bg5xf6 Be7xf6
14.Ng1e2 O-O-O
15.Na3c4 Qa5c7
16.Qd1xd6 Qc7xd6
17.Nc4xd6 Kc7
18.Nd6c4 a6
19.Bb5xd7 Be6xc4
20.Bd7a4 Bf6g5
21.f4 Bg5e7
22.Ba4c2 g5
23.b3 Bc4xe2
24.Kxe2 gxf4
25.Ra1d1 Be7f6
26.Rd1xd8 { draw }
1/2-1/2

[Event "Match"]
[Site "www.echecsemail.com"]
[Date "2016.06.30"]
[Round "1"]
[White "Pinehill"]
[Black "Jhzes"]
[WhiteElo "2070"]
[BlackElo "1870"]
[Result "1-0"]
[Round "1"]
1.e4 e5
2.d4 c6
3.dxe5 Qd8a5
4.Bc1d2 Qa5xe5
5.Nb1c3 Ng8f6
6.Bf1d3 Bf8b4
7.Ng1f3 Qe5c7
8.O-O d6
9.e5 Nf6g4
10.exd6 Bb4xd6
11.Rf1e1 Bc8e6
12.h3 Ng4xf2
13.Kxf2 Bd6g3
14.Kg1 Bg3xe1
15.Qd1xe1 O-O
16.Qe1h4 Nb8d7
17.Qh4xh7 
1-0

[Event "Match"]
[Site "www.echecsemail.com"]
[Date "2016.06.30"]
[Round "1"]
[White "Iko"]
[Black "Coraza"]
[WhiteElo "1640"]
[BlackElo "1740"]
[Result "0-1"]
[Round "1"]
1.e4 e5
2.Ng1f3 Nb8c6
3.Bf1b5 Nc6d4
4.Nf3xd4 exd4
5.b4 Bf8xb4
6.a3 Bb4c5
7.Bc1b2 b6
8.Qd1f3 Qd8e7
9.e5 Qe7xe5
10.Bb5e2 Bc8a6
11.Qf3xa8 Ke7
12.Qa8f3 { time. }
0-1

[Event "Match"]
[Site "www.echecsemail.com"]
[Date "2016.06.30"]
[Round "1"]
[White "Mitja"]
[Black "Bojan"]
[WhiteElo "1950"]
[BlackElo "1980"]
[Result "0-1"]
[Round "1"]
1.d4 d5
2.e3 Bc8f5
3.h3 a6
4.c3 Qd8d6
5.Ng1e2 Nb8c6
6.Ne2g3 Bf5g6
7.Bf1e2 h6
8.Qd1b3 b6
9.Nb1d2 e6
10.Nd2f3 Nc6a5
11.Qb3d1 f6
12.Be2d3 Bg6f7
13.Qd1c2 Ng8e7
14.O-O Ne7c6
15.b3 Na5b7
16.a4 Nb7a5
17.Bc1a3 Qd6d7
18.Ba3xf8 Kxf8
19.Ra1b1 Qd7e8
20.Qc2e2 e5
21.Bd3xa6 e4
22.Nf3d2 h5
23.b4 h4
24.bxa5 hxg3
25.axb6 gxf2
26.Rf1xf2 cxb6
27.Rb1xb6 Nc6a5
28.Ba6b5 Qe8c8
29.Nd2b1 Na5c4
30.Rb6c6 Qc8b7
31.Rc6c5 Bf7e6
32.Bb5xc4 dxc4
33.Rc5b5 Qb7d7
34.Rb5h5 Rh8xh5
35.Qe2xh5 Ra8xa4
36.Rf2b2 Ra4a8
37.Qh5c5 Kg8
38.Nb1d2 g6
39.Nd2xe4 Kf7
40.Ne4d6 Kg8
41.Nd6e4 Qd7d8
42.Rb2b6 Kf7
43.Rb6b7 Kg8
44.Rb7b6 Kf7
45.Ne4d6 Kg7
46.h4 Be6g4
47.e4 Ra8a7
48.Nd6xc4 Ra7c7
49.Rb6c6 Rc7b7
50.e5 fxe5
51.Nc4xe5 Rb7b1
52.Kh2 Qd8xh4
{ resign }
0-1

[Event "Match"]
[Site "www.echecsemail.com"]
[Date "2016.06.30"]
[Round "1"]
[White "Taxrama"]
[Black "Ranjachess"]
[WhiteElo "1399"]
[BlackElo "1690"]
[Result "0-1"]
[Round "1"]
1.e4 e5
2.Ng1f3 Nb8c6
3.Nb1c3 a6
4.Bf1c4 d6
5.h3 Qd8f6
6.Nc3d5 Qf6d8
7.d3 h6
8.O-O Bc8e6
9.Nd5e3 Ng8f6
10.Bc4xe6 fxe6
11.Ne3c4 d5
12.exd5 Qd8xd5
13.Nc4e3 Qd5c5
14.a3 O-O-O
15.b4 Qc5d6
16.c3 e4
17.Nf3e1 exd3
18.Bc1d2 g5
19.Ra1c1 Nf6e4
20.f3 Ne4g3
21.Rf1f2 Ng3e2
22.Kf1 Ne2xc1
23.Qd1xc1 Nc6e5
24.c4 Bf8g7
25.c5 Qd6d4
26.Bd2c3 Qd4f4
27.Rf2a2 h5
28.g3 Qf4xg3
29.Ne1g2 g4
30.fxg4 hxg4
31.h4 Bg7h6
32.Bc3xe5 Qg3xe5
33.Qc1e1 g3
34.Kg1 Rh8f8
35.Ra2d2 Rf8f3
36.Kh1 Bh6xe3
37.Ng2xe3 Rf3xe3
38.Qe1g1 Re3e1
39.Qg1xe1 Qe5xe1
40.Kg2 Qe1xd2
41.Kxg3 Rd8g8
42.Kf3 e5
43.a4 Qd2e2

0-1

[Event "1/16 Finale"]
[Site "www.chess-mail.com"]
[Date "2016.06.30"]
[Round "1"]
[White "Conde7"]
[Black "Mrfunk"]
[WhiteElo "2840"]
[BlackElo "2410"]
[Result "1-0"]
[Round "1"]
1.e4 c5
2.Ng1f3 d6
3.d4 cxd4
4.Nf3xd4 Ng8f6
5.Nb1c3 a6
6.h3 e5
7.Nd4f3 Nb8d7
8.a4 Qd8c7
9.Nf3d2 Nd7c5
10.b4 Nc5e6
11.Nc3d5 Nf6xd5
12.exd5 Ne6f4
13.c4 a5
14.b5 Nf4g6
15.h4 Bf8e7
16.h5 Ng6h4
17.h6 g6
18.g3 Nh4f5
19.Bc1b2 Nf5d4
20.Bb2xd4 exd4
21.Nd2b3 Be7f6
22.Bf1d3 O-O
23.Kf1 b6
24.Kg2 Bc8d7
25.Ra1c1 Ra8e8
26.Bd3e2 d3
27.Be2xd3 Re8e7
28.Qd1d2 Rf8e8
29.Rc1b1 Bd7c8
30.Rb1f1 Kf8
31.Rf1d1 Bf6h8
32.Qd2f4 Bh8e5
33.Qf4c1 Be5f6
34.Rd1g1 Kg8
35.Qc1f4 Bf6e5
36.Qf4d2 Kf8
37.Qd2c1 Be5f6
38.Qc1f4 Bf6h8
39.Nb3d2 Bh8e5
40.Qf4h4  { time }
1-0

[Event "1/32 Finale"]
[Site "www.chess-mail.com"]
[Date "2016.06.30"]
[Round "1"]
[White "Egdiogel"]
[Black "Buchauer"]
[WhiteElo "2249"]
[BlackElo "2690"]
[Result "0-1"]
[Round "1"]
1.e4 c5
2.g3 Nb8c6
3.Bf1g2 g6
4.Nb1c3 Bf8g7
5.Ng1e2 d6
6.d3 e5
7.Nc3d5 Ng8e7
8.Bc1g5 h6
9.Bg5f6 O-O
10.Ne2c3 Bg7xf6
11.Nd5xf6 Kg7
12.Nf6d5 Ne7xd5
13.Nc3xd5 Bc8e6
14.Nd5e3 f5
15.exf5 gxf5
16.c3 d5
17.Qd1c2 f4
18.Ne3d1 f3
19.Bg2f1 d4
20.h4 Be6f5
21.Bf1h3 Bf5xh3
22.Rh1xh3 Qd8d7
23.Rh3h1 Ra8e8
{ resign }
0-1

[Event "1/64 Finale"]
[Site "www.chess-mail.com"]
[Date "2016.06.30"]
[Round "1"]
[White "Genius9"]
[Black "Hennie4820"]
[WhiteElo "1840"]
[BlackElo "1950"]
[Result "0-1"]
[Round "1"]
1.e4 c5
2.c4 Nb8c6
3.Ng1f3 e6
4.d4 cxd4
5.Nf3xd4 d6
6.Nb1c3 Ng8f6
7.Bf1e2 a6
8.O-O Bf8e7
9.Bc1e3 Qd8c7
10.Ra1c1 O-O
11.Nd4b3 { time. }
0-1

[Event "1/128 Finale"]
[Site "www.chess-mail.com"]
[Date "2016.06.30"]
[Round "1"]
[White "Guidom"]
[Black "Llord"]
[WhiteElo "2050"]
[BlackElo "1850"]
[Result "0-1"]
[Round "1"]
1.e4 e5
2.Ng1f3 Nb8c6
3.Bf1b5 Bf8d6
4.d4 exd4
5.Bb5xc6 dxc6
6.Qd1xd4 Ng8e7
7.Nf3g5 O-O
8.c3 c5
9.Qd4e3 Rf8e8
10.O-O h6
11.e5 Ne7d5
12.Qe3d3 hxg5
13.exd6 Qd8xd6
14.Bc1xg5 g6
15.Nb1d2 Bc8f5
16.Qd3f3 c6
17.c4 Nd5b4
18.Qf3c3 a5
19.a3 Nb4c2
20.Ra1d1 Nc2d4
21.Nd2f3 Bf5g4
22.Bg5h6 Qd6f6
23.Qc3d3 Nd4xf3
24.gxf3 Bg4xf3
25.Qd3d6 Re8e6
26.Qd6g3 Bf3xd1
27.Rf1xd1 Ra8e8
28.Bh6d2 Re8d8
29.Qg3g4 Re6d6
{ resign }
0-1

[Event "Eq:Los Tercios-Slap Shot Mates : "]
[Site "www.chess-mail.com"]
[Date "2016.06.30"]
[Round "1"]
[White "Leswamp"]
[Black "Heiserman"]
[WhiteElo "2320"]
[BlackElo "2290"]
[Result "0-1"]
[Round "1"]
1.d4 Ng8f6
2.c4 c5
3.d5 b5
4.Ng1f3 Bc8b7
5.a4 Qd8a5
6.Bc1d2 b4
7.Qd1c2 d6
8.e4 Nb8d7
9.Bf1d3 e6
10.dxe6 fxe6
11.Nf3g5 e5
12.f4 exf4
13.O-O h6
14.Ng5e6 g5
15.Nb1a3 a6
16.Ra1e1 Kf7
17.Ne6xf8 Rh8xf8
18.Na3b1 Nd7e5
19.Bd2c1 Ra8e8
20.Nb1d2 Qa5c7
21.b3 Kg8
22.h3 Nf6h5
23.Bc1b2 Nh5g3
24.Rf1f2 g4
25.Bb2xe5 dxe5
26.hxg4 Qc7e7
27.Nd2f1 Qe7h4
28.Nf1h2 Rf8f7
29.Qc2d1 Bb7c8
30.Rf2b2 Rf7g7
31.Bd3e2 Ng3xe4
32.Be2f3 Ne4c3
33.Qd1d2 Qh4f6
34.Qd2f2 e4
{ resign }
0-1

[Event "Tourn. n8836"]
[Site "www.chess-mail.com"]
[Date "2016.07.01"]
[Round "1"]
[White "Bojan"]
[Black "Mitja"]
[WhiteElo "1980"]
[BlackElo "1950"]
[Result "0-1"]
[Round "1"]
1.g3 d5
2.Bf1g2 e6
3.b3 c6
4.Bc1b2 Ng8f6
5.Ng1f3 Bf8e7
6.e3 Nb8a6
7.Qd1e2 b6
8.d3 Bc8b7
9.Nb1d2 h6
10.a3 O-O
11.Ra1d1 Be7d6
12.c4 Qd8e7
13.b4 dxc4
14.Nd2xc4 Bd6c7
15.Nf3e5 Bc7xe5
16.Nc4xe5 Na6b8
17.d4 c5
18.Bg2xb7 Qe7xb7
19.f3 Nb8d7
20.dxc5 bxc5
21.Ne5xd7 Nf6xd7
22.bxc5 Nd7xc5
23.O-O Nc5d7
24.Rd1d4 Nd7f6
25.Rf1b1 Qb7c6
26.Rd4c4 Qc6b5
27.Qe2c2 Ra8b8
28.Rc4b4 Qb5d5
29.Rb4f4 Nf6h5
30.e4 Qd5g5
31.Rf4g4 Qg5e3
32.Kg2 Rb8b3
33.Qc2d1 Rb3d3
34.Qd1f1 Rd3d2
35.Kh3 Rd2c2
36.Rg4h4 g6
37.Bb2c1 Qe3c3
38.g4 Nh5f6
39.Bc1xh6 Rf8c8
40.Rb1e1 Rc8c4
41.Re1e3 Qc3d2
42.Kg3 Qd2d4
43.Re3d3 Qd4e5
44.Bh6f4 Qe5a5
45.Qf1a1 Nf6h7
46.Bf4d6 g5
47.Rh4h6 Qa5b6
48.Qa1f1 Rc2c1
49.Qf1f2 Rc1g1
50.Kh3 Qb6xf2
51.Bd6g3 Qf2g2
{ resign }
0-1

[Event "Tourn. n8838"]
[Site "www.chess-mail.com"]
[Date "2016.07.01"]
[Round "1"]
[White "Knightjumper"]
[Black "Redabond"]
[WhiteElo "1660"]
[BlackElo "1640"]
[Result "0-1"]
[Round "1"]
1.e4 e5
2.Ng1f3 Nb8c6
3.Bf1b5 a6
4.Bb5xc6 dxc6
5.d4 exd4
6.Qd1xd4 Qd8xd4
7.Nf3xd4 Bf8c5
8.Bc1e3 Bc5xd4
 { time }
0-1

[Event "Tourn. n8839"]
[Site "www.chess-mail.com"]
[Date "2016.07.01"]
[Round "1"]
[White "Knightjumper"]
[Black "Nulladies"]
[WhiteElo "1660"]
[BlackElo "1550"]
[Result "0-1"]
[Round "1"]
1.d4 Ng8f6
2.Bc1g5 Nf6e4
3.Bg5f4 g6
4.e3 e6
5.Ng1f3 Bf8g7
6.c3 d5
7.Nb1d2 O-O
 { time }
0-1

[Event "Tourn. n8834"]
[Site "www.chess-mail.com"]
[Date "2016.07.01"]
[Round "1"]
[White "Hansen"]
[Black "Cal"]
[WhiteElo "1590"]
[BlackElo "1650"]
[Result "1-0"]
[Round "1"]
1.e4 e5
2.Ng1f3 d6
3.b3 h6
4.Nb1c3 a6
5.d4 exd4
6.Nf3xd4 c5
7.Nd4e2 Ng8f6
8.Ne2f4 Bf8e7
9.h3 b5
10.g4 Nb8c6
11.Bc1e3 O-O
12.Rh1g1 Nc6e5
13.g5 hxg5
14.Rg1xg5 Nf6h7
15.Rg5g3 b4
16.Nc3d5 Be7h4
17.Rg3g2 f5
18.Bf1c4 a5
19.exf5 Ne5xc4
20.bxc4 Bc8xf5
21.Nf4h5 Rf8e8
22.Qd1f3 Ra8a7
23.Qf3xf5 Re8e5
24.Rg2xg7 Kh8
25.Qf5xh7 { resign }
1-0

[Event "Tourn. n8720"]
[Site "www.chess-mail.com"]
[Date "2016.07.01"]
[Round "1"]
[White "Goofy"]
[Black "Numanoid"]
[WhiteElo "2370"]
[BlackElo "2470"]
[Result "1-0"]
[Round "1"]
1.e4 e6
2.d3 d5
3.Nb1d2 c5
4.g3 Bf8d6
5.Ng1f3 Nb8c6
6.Bf1g2 Ng8e7
7.O-O O-O
8.Rf1e1 Qd8c7
9.c3 Bc8d7
10.b3 b5
11.Bc1b2 f6
12.exd5 exd5
13.Nd2f1 Bd7g4
14.Nf1e3 Bg4h5
15.Qd1c2 Qc7d7
16.d4 cxd4
17.Nf3xd4 Nc6xd4
18.cxd4 Bh5g6
19.Qc2d2 Bg6e4
20.Ra1c1  { time }
1-0

[Event "Tourn. n8815"]
[Site "www.chess-mail.com"]
[Date "2016.07.01"]
[Round "1"]
[White "Gfalk"]
[Black "Osopanda"]
[WhiteElo "1930"]
[BlackElo "1990"]
[Result "0-1"]
[Round "1"]
1.f4 d5
2.Ng1f3 c5
3.g3 Nb8c6
4.Bf1g2 Ng8f6
5.d3 e6
6.O-O Bf8e7
7.c3 O-O
8.Qd1e1 d4
9.e4 dxe3
10.Qe1e2 Qd8c7
11.Bc1xe3 b6
12.Nf3e5 Bc8b7
13.Nb1a3 Nf6d5
 { time }
0-1

[Event "Tourn. n8846"]
[Site "www.chess-mail.com"]
[Date "2016.07.01"]
[Round "1"]
[White "Francesco"]
[Black "Frisker"]
[WhiteElo "2000"]
[BlackElo "2149"]
[Result "1/2-1/2"]
[Round "1"]
1.e4 e6
2.d4 d5
3.exd5 Qd8xd5
4.c4 Qd5d6
5.Nb1c3 c6
6.Ng1f3 Ng8f6
7.Bf1d3 Bf8e7
8.O-O O-O
9.Rf1e1 Rf8d8
10.Bc1g5 Nb8d7
11.Qd1c2 h6
12.Bg5xf6 Be7xf6
13.Nc3e4 Qd6c7
14.c5 Bf6e7
15.b4 e5
16.dxe5 Nd7xe5
17.Nf3xe5 Qc7xe5
18.Ne4d6 Qe5f6
19.Nd6xc8 Ra8xc8
20.Ra1d1 Qf6g5
21.Qc2e2 Be7f6
22.Qe2e4 { draw }
1/2-1/2

[Event "Tourn. n8835"]
[Site "www.chess-mail.com"]
[Date "2016.07.01"]
[Round "1"]
[White "Darko10"]
[Black "Numanoid"]
[WhiteElo "2580"]
[BlackElo "2460"]
[Result "1-0"]
[Round "1"]
1.e4 e6
2.d4 d5
3.Nb1c3 Ng8f6
4.e5 Nf6d7
5.f4 c5
6.Ng1f3 Nb8c6
7.Bc1e3 Bf8e7
8.Qd1d2 O-O
9.dxc5  { time }
1-0

[Event "Tourn. n8835"]
[Site "www.chess-mail.com"]
[Date "2016.07.01"]
[Round "1"]
[White "Numanoid"]
[Black "Madz123456"]
[WhiteElo "2460"]
[BlackElo "2240"]
[Result "0-1"]
[Round "1"]
1.d4 Ng8f6
2.Bc1g5 h6
3.Bg5xf6 exf6
4.e3 d5
5.c4 dxc4
6.Bf1xc4 Bf8d6
7.Nb1c3 O-O
 { time }
0-1

[Event "Tourn. n8786"]
[Site "www.chess-mail.com"]
[Date "2016.07.01"]
[Round "1"]
[White "Prize64"]
[Black "Yangqi"]
[WhiteElo "2370"]
[BlackElo "2660"]
[Result "0-1"]
[Round "1"]
1.e4 e5
2.Ng1f3 Nb8c6
3.Bf1c4 Ng8f6
4.d3 Bf8e7
5.c3 O-O
6.O-O d5
7.exd5 Nf6xd5
8.Rf1e1 Bc8g4
9.h3 Bg4h5
10.Nb1d2 Nd5f4
11.Nd2f1 Nc6a5
12.Bc4b5 a6
13.Bc1xf4 exf4
14.Bb5a4 c5
15.Ba4c2 Na5c6
16.Bc2a4 b5
17.Ba4b3 Be7f6
18.Nf1h2 Nc6e5
19.d4 cxd4
20.cxd4 Ne5xf3
21.Nh2xf3 Qd8d6
22.Qd1d3 Ra8d8
23.Ra1d1 Rf8e8
24.Bb3c2 Re8xe1
25.Rd1xe1 g6
26.Re1e4 Bh5xf3
27.Qd3xf3 Bf6xd4
28.Re4xf4 Qd6c7
29.Bc2b3 Qc7c1
30.Bb3d1 Bd4e5
{ resign }
0-1

[Event "Tourn. n8772"]
[Site "www.chess-mail.com"]
[Date "2016.07.01"]
[Round "1"]
[White "Viru"]
[Black "Falcoale"]
[WhiteElo "1840"]
[BlackElo "1710"]
[Result "1-0"]
[Round "1"]
1.e4 c5
2.Ng1f3 Nb8c6
3.Nb1c3 e6
4.Bf1b5 a6
5.Bb5xc6 bxc6
6.O-O d5
7.e5 Ng8e7
8.a4 Ne7g6
9.g3 Bf8e7
10.a5 Qd8c7
11.Rf1e1 O-O
12.d3 Bc8b7
13.Ra1a4 Rf8d8
14.Nc3e2 c4
15.d4 Qc7d7
16.c3 c5
17.h4 Bb7c6
18.Ra4a1 f6
19.exf6 Be7xf6
20.dxc5 Ng6e5
21.Nf3xe5 Bf6xe5
22.b4 Qd7f7
23.f4 Be5f6
24.Qd1c2 e5
{ time. }
1-0

[Event "Tourn. n8848"]
[Site "www.chess-mail.com"]
[Date "2016.07.01"]
[Round "1"]
[White "Francesco"]
[Black "Mitja"]
[WhiteElo "1990"]
[BlackElo "1970"]
[Result "1-0"]
[Round "1"]
1.e4 d5
2.e5 a6
3.d4 Nb8c6
4.f4 e6
5.Ng1f3 f5
6.c4 b6
7.Bf1e2 Bc8b7
8.O-O h6
9.Nb1c3 Ng8e7
10.Nf3h4 b5
11.cxd5 Ne7xd5
12.Nc3xd5 exd5
13.Be2h5 Kd7
14.Nh4xf5 Nc6e7
15.Qd1g4 c6
16.Nf5d6 { resign }
1-0

[Event "Tourn. n8809"]
[Site "www.chess-mail.com"]
[Date "2016.07.01"]
[Round "1"]
[White "Yangqi"]
[Black "Numanoid"]
[WhiteElo "2650"]
[BlackElo "2480"]
[Result "1-0"]
[Round "1"]
1.e4 c6
2.d4 d5
3.f3 e5
4.dxe5 Bf8c5
5.Nb1c3 Ng8e7
6.Qd1d2 O-O
7.f4 Bc5b4
8.Ng1e2 dxe4
9.Qd2xd8 Rf8xd8
10.a3 Bb4a5
11.Ne2g3 Ba5xc3
12.bxc3 Nb8a6
13.Ng3xe4 Ne7f5
14.g4 Nf5h4
15.Bf1e2 Bc8e6
16.O-O Be6d5
17.Ne4d6 Na6c5
18.Bc1e3 { resign }
1-0

[Event "Tourn. n8644"]
[Site "www.chess-mail.com"]
[Date "2016.07.01"]
[Round "1"]
[White "Mrfunk"]
[Black "Ciappo"]
[WhiteElo "2210"]
[BlackElo "2440"]
[Result "0-1"]
[Round "1"]
1.e4 d6
2.d4 Ng8f6
3.Nb1c3 c6
4.f4 Qd8a5
5.Bc1d2 e5
6.fxe5 dxe5
7.Nc3d5 Qa5d8
8.Nd5xf6 Qd8xf6
9.Ng1f3 exd4
10.Bf1c4 Bc8g4
11.O-O Nb8d7
12.Qd1e1 Qf6e7
13.Nf3xd4 Nd7e5
14.Bc4b3 O-O-O
15.Bd2e3 Qe7c7
16.Kh1 Bg4h5
17.Qe1h4 Bh5g6
18.Nd4f5 Bg6xf5
19.exf5 Bf8e7
20.Qh4h5 Be7d6
21.Ra1d1 f6
22.c3 Kb8
23.Bb3e6 Qc7e7
24.b4 Bd6c7
25.Be3d4 g6
26.Qh5h4 h5
27.h3 g5
28.Qh4e1 g4
29.Qe1e3 a6
30.a4 gxh3
31.gxh3 Qe7e8
32.Qe3e2 a5
33.Bd4c5 Rd8xd1
34.Rf1xd1 h4
35.Rd1d2 Rh8h7
36.bxa5 Bc7xa5
37.Bc5d4 Ba5c7
38.Rd2b2 Qe8h5
39.Qe2xh5 Rh7xh5
40.Rb2g2 b6
41.Rg2g8 Kb7
42.Rg8g7 Kb8
43.Kg2 c5
44.Bd4e3 Rh5h8
45.Rg7g6 Bc7d8
46.Be3f4 Rh8f8
47.Kf2 Kb7
 { time }
0-1

[Event "Tourn. n8823"]
[Site "www.chess-mail.com"]
[Date "2016.07.01"]
[Round "1"]
[White "Knightjumper"]
[Black "Kampungboy"]
[WhiteElo "1630"]
[BlackElo "1699"]
[Result "0-1"]
[Round "1"]
1.d4 Ng8f6
2.c4 g6
3.b3 Bf8g7
4.Bc1b2 d6
5.Ng1f3 O-O
6.e3 c6
7.Bf1e2 Rf8e8
8.O-O Nb8d7
9.Nb1d2 e5
10.dxe5 dxe5
11.Rf1e1 e4
 { time }
0-1

[Event "Tourn. n8815"]
[Site "www.chess-mail.com"]
[Date "2016.07.01"]
[Round "1"]
[White "Derfel83"]
[Black "Gfalk"]
[WhiteElo "2020"]
[BlackElo "1930"]
[Result "1-0"]
[Round "1"]
1.e4 c5
2.d4 cxd4
3.c3 Ng8f6
4.Ng1f3 Nf6xe4
5.Nf3xd4 g6
6.Bc1e3 Bf8g7
7.Bf1c4 Nb8c6
8.Nb1d2 Ne4xd2
9.Qd1xd2 d5
10.Bc4b3 O-O
11.O-O e6
12.Be3h6  { time }
1-0

[Event "Tourn. n8819"]
[Site "www.chess-mail.com"]
[Date "2016.07.01"]
[Round "1"]
[White "Wwgia"]
[Black "Jesmantiz"]
[WhiteElo "1990"]
[BlackElo "2030"]
[Result "0-1"]
[Round "1"]
1.d4 f5
2.Bc1g5 c6
3.e3 g6
4.h4 Bf8g7
5.h5 h6
6.Bg5f4 g5
7.Bf4g3 Ng8f6
8.Bf1d3 d6
9.Ng1e2 O-O
10.c4 Qd8e8
11.Qd1b3 Kh8
12.Nb1d2 e5
13.dxe5 dxe5
14.O-O-O Nb8a6
15.Bd3b1 Na6c5
16.Qb3a3 b6
17.Nd2b3 f4
18.Bg3h2 Nc5e4
19.Rh1f1 Qe8xh5
{ resign }
0-1

[Event "Tourn. n8833"]
[Site "www.chess-mail.com"]
[Date "2016.07.01"]
[Round "1"]
[White "Frisker"]
[Black "Estonia"]
[WhiteElo "1809"]
[BlackElo "2000"]
[Result "1-0"]
[Round "1"]
1.d4 Ng8f6
2.Ng1f3 d5
3.c4 e6
4.Nb1c3 Bf8b4
5.Qd1a4 Nb8c6
6.Nf3e5 Bc8d7
7.Ne5xd7 Nf6xd7
8.cxd5 exd5
9.e3 O-O
10.Bf1e2 Nd7b6
11.Qa4c2 Qd8g5
12.Be2f3 Qg5g6
13.Qc2xg6 hxg6
14.Bc1d2 Bb4xc3
15.Bd2xc3 f5
16.O-O-O Ra8d8
17.h4 Nb6a4
18.Rd1d3 Na4xc3
19.Rd3xc3 Kf7
20.Kd2 Kf6
21.g3 Rf8f7
22.Rc3b3 Nc6a5
23.Rb3c3 c6
24.b3 Rd8d6
25.a4 Rf7f8
26.Kc2 Rf8h8
27.Kb2 a6
28.Ka3 b5
29.Kb4 Na5b7
30.a5 Rh8h6
31.Rh1c1 Nb7d8
32.Kc5 Rd6e6
33.Kb6 g5
34.hxg5 Kxg5
35.Kxa6 c5
36.Kxb5 cxd4
37.exd4 Re6d6
38.b4 Nd8e6
39.Rc1d1 Rh6h2
40.Rc3c6 Rd6xc6
41.Kxc6 Rh2xf2
42.Bf3xd5 Ne6f8
43.a6 { resign }
1-0

[Event "Match"]
[Site "www.echecsemail.com"]
[Date "2016.07.01"]
[Round "1"]
[White "Whitekknight"]
[Black "Knightjumper"]
[WhiteElo "1920"]
[BlackElo "1630"]
[Result "1-0"]
[Round "1"]
1.e4 c5
2.Ng1f3 d6
3.Bf1c4 e6
4.Nb1c3 Ng8f6
5.d4 cxd4
6.Nf3xd4 Bf8e7
7.Bc1g5 O-O
8.O-O a6
9.a4 Qd8c7
10.Bc4e2 Nb8c6
11.Nd4xc6  { time }
1-0

[Event "Match"]
[Site "www.echecsemail.com"]
[Date "2016.07.01"]
[Round "1"]
[White "Knightjumper"]
[Black "Kevinking"]
[WhiteElo "1630"]
[BlackElo "1890"]
[Result "0-1"]
[Round "1"]
1.c4 c5
2.Nb1c3 e5
3.d3 d6
4.g3 Nb8c6
5.Bf1g2 Ng8f6
6.Bc1g5 Bf8e7
7.Ng1f3 O-O
 { time }
0-1

[Event "Match"]
[Site "www.echecsemail.com"]
[Date "2016.07.01"]
[Round "1"]
[White "Knightjumper"]
[Black "Fangshuo"]
[WhiteElo "1630"]
[BlackElo "2140"]
[Result "0-1"]
[Round "1"]
1.d4 d5
2.Bc1f4 Nb8c6
3.e3 Ng8f6
4.c3 g6
5.Ng1f3 Bf8g7
6.Bf1b5 Bc8d7
7.O-O O-O
8.Bb5xc6 Bd7xc6
9.Nf3e5 Bc6b5
10.Rf1e1 Nf6h5
11.Nb1a3 Bb5e8
 { time }
0-1

[Event "Match"]
[Site "www.echecsemail.com"]
[Date "2016.07.01"]
[Round "1"]
[White "Genius4"]
[Black "Ericleo1980"]
[WhiteElo "1720"]
[BlackElo "2210"]
[Result "0-1"]
[Round "1"]
1.Ng1f3 d5
2.g3 Ng8f6
3.Bf1g2 Bc8f5
4.d4 Qd8c8
5.Bc1f4 c6
6.Nf3e5 Bf5h3
7.O-O Bh3xg2
8.Kxg2 Nf6h5
9.Bf4e3 Nb8d7
10.f4 f6
11.Ne5d3 g6
12.Be3f2 Qc8c7
13.Nb1c3 e6
14.b4 a6
15.Ra1b1 Bf8d6
16.Nd3c5 Kf7
 { time }
0-1